Sports Quiz

Random Sports Quiz

Most expensive Liverpool players Quiz Stats

Quiz not verified by Sporcle

Challenge
Share
Tweet
Embed
Score 0/25 Timer 05:00
0 Plays Today
FEE PLAYER % Correct
£34.85Andy Carroll
88.1%
£22.53mLuis Suárez
86%
£34.85Roberto Firmino
81.1%
£32.30mFernando Torres
77%
£35.02Sadio Mané
77%
£26.35mAdam Lallana
71.8%
£21.51mDejan Lovren
69.1%
£15.05mNathaniel Clyne
61.9%
£15.30mJordan Henderson
61%
£15.30mAlberto Moreno
45.5%
£39.53MChristian Benteke
38.2%
£16.15mMamadou Sakho
34.7%
£23.38mGeorginio Wijnaldum
33.8%
FEE PLAYER % Correct
£15.30mDirk Kuyt
30.1%
£19.13mJavier Mascherano
26.5%
£19.38mStewart Downing
26.3%
£21.25mLazar Markovic
21.5%
£20.40mRobbie Keane
21.2%
£17.00mAlberto Aquilani
19.3%
£14.66mRyan Babel
18.9%
£17.43mGlen Johnson
18.8%
£17.00mMario Balotelli
18.7%
£17.00mDjibril Cissé
16.4%
£14.03mEmile Heskey
14.5%
£16.15mJoe Allen
11.9%

You're not logged in!

Compare scores with friends on all Sporcle quizzes.
Join for Free
OR
Log In

You Might Also Like...

Show Comments

Extras

Created May 18, 2017ReportNominate
Tags:expensive, fee, Liverpool, player

Top Quizzes Today


Score Distribution

Your Account Isn't Verified!

In order to create a playlist on Sporcle, you need to verify the email address you used during registration. Go to your Sporcle Settings to finish the process.

Report this User

Report this user for behavior that violates our Community Guidelines.

Details: